| 000 | 00568nam a22001697a 4500 | ||
|---|---|---|---|
| 005 | 20251108172853.0 | ||
| 008 | 250721s2000 xx 000 0 ara d | ||
| 082 | 1 | 4 | _a956.5/يون |
| 100 | 1 | _aبني يونس، مأمون عبد الله أصلان | |
| 245 | 1 | 0 | _aقافلة الحاج الشامي في شرقي الأردن في العهد العثماني 1516 - 1918 م / |
| 264 | 1 |
_aعمان : _bد . ن، _c2000. |
|
| 300 | _a209 ص. | ||
| 650 | 1 | 7 | _aتاريخ الأردن |
| 650 | 1 | 7 | _aالعصر العثماني |
| 942 |
_2ddc _cBK |
||
| 999 |
_c90541 _d90541 |
||